KHASIAT DALAM BUAH - BUAHAN

Bibliographic Details
Main Author: Rabiatul Adawiyah (Author)
Format: Book
Published: Tanjung Karang, Selangor : Waridah Resources [2023]
Series:Nikmati Khasiat Alami Tumbuh - tumbuhan
Subjects:

MARC

LEADER 00000cam a2200000 7i4500
001 0000312607
005 20240112152542.0
006 ### ###
007 t
008 240112t20232023myuo j 0 may
020 |a 9789672333388 
040 |a MBPJ   |b eng   |c MBPJ   |e rda 
090 0 0 |a 613.2   |b RAB 
100 0 |a Rabiatul Adawiyah ,   |e author 
245 1 0 |a KHASIAT DALAM BUAH - BUAHAN   |c Rabiatul Adawiyah 
264 1 |a Tanjung Karang, Selangor :   |b Waridah Resources   |c [2023] 
264 4 |c ©2023 
300 |a 32 pages :   |b photographs ;   |c 26 cm. 
336 |a still image  |2 rdacontent 
336 |a text  |2 rdacontent 
337 |a unmediated  |2 rdamedia 
338 |a volume  |2 rdacarrier 
490 1 |a Nikmati Khasiat Alami Tumbuh - tumbuhan 
650 0 |a Hone   |x Therapeutic use 
650 0 |a Nutrition 
999 |a 00410745   |b BUKU   |c JUNIOR BOOKS   |e PERPUSTAKAAN KOMUNITI PETALING JAYA 
999 |a 00410746   |b BUKU   |c JUNIOR BOOKS   |e MOBILE LIBRARY PKPJ